书目信息 |
| 题名: |
礼貌和礼貌语言
|
|
| 作者: | ;北京市语言学会 编 | |
| 分册: | ||
| 出版信息: | 北京 北京出版社 1982 |
|
| 页数: | 100页 | |
| 开本: | 19cm | |
| 丛书名: | ||
| 单 册: | ||
| 中图分类: | G41 | |
| 科图分类: | ||
| 主题词: | 德育--学校教育 , 礼貌 , 思想政治教育--学校教育 | |
| 电子资源: | ||
| ISBN: | ||
| 000 | 00712nam0 2200253 45 | |
| 001 | 0182006214 | |
| 005 | 20060912095846.70 | |
| 010 | @dCNY0.27 | |
| 091 | @a7071.785 | |
| 100 | @a19950517d1982 em y0chiy0121 ea | |
| 101 | 0 | @achi |
| 102 | @aCN@b110000 | |
| 105 | @af z 000yy | |
| 200 | 10 | @a礼貌和礼貌语言@Ali mao he li mao yu yan@f北京市语言学会编@Fbei jing shi yu yan xue hui bian |
| 210 | @a北京@c北京出版社@d1982 | |
| 215 | @a100页@c插图@d19cm | |
| 606 | 0 | @a德育--学校教育 |
| 606 | @a礼貌 | |
| 606 | 0 | @a思想政治教育--学校教育 |
| 690 | @aG41 | |
| 711 | 02 | @a北京市语言学会@Abei jing shi yu yan xue hui@4编 |
| 801 | 0 | @aCN@b上海图书馆@c20060912 |
| 801 | 2 | @aCN@bNLC@c20060815 |
| 905 | @dG41@e1 | |
| 礼貌和礼貌语言/北京市语言学会编.-北京:北京出版社,1982 |
| 100页:插图;19cm |
| ISBN :CNY0.27 |
| ● |
| 相关链接 |
|
|
|
|
正题名:礼貌和礼貌语言
索取号:G41/1
 
预约/预借
| 序号 | 登录号 | 条形码 | 馆藏地/架位号 | 状态 | 备注 |
| 1 | 0064313 | 202189568 | 密集书库/ [索取号:G41/1] | 在馆 | |
| 2 | 0064314 | 202219474 | 密集书库/ [索取号:G41/1] | 在馆 | |
| 3 | 0064315 | 202205489 | 密集书库/ [索取号:G41/1] | 在馆 | |
| 4 | 0064316 | 000268855 | 密集书库/ [索取号:G41/1] | 在馆 | |
| 5 | 0064317 | 000268864 | 密集书库/ [索取号:G41/1] | 在馆 | |
| 6 | 0064318 | 000268917 | 密集书库/ [索取号:G41/1] | 在馆 | |
| 7 | 0064319 | 202305763 | 密集书库/ [索取号:G41/1] | 在馆 | |
| 8 | 0064320 | 001785571 | 密集书库/ [索取号:G41/1] | 在馆 | |
| 9 | 0064321 | 202273743 | 密集书库/ [索取号:G41/1] | 在馆 | |
| 10 | 0064322 | 000268926 | 第一样本阅览室/ [索取号:G41/1] | 在馆 | |
| 11 | 0441322 | 204413223 | 密集书库/ [索取号:G41/1] | 在馆 | |
| 12 | 0460549 | 204605490 | 密集书库/ [索取号:G41/1] | 在馆 | |
| 13 | 0460550 | 204605506 | 密集书库/ [索取号:G41/1] | 在馆 | |
| 14 | 0472236 | 204722363 | 密集书库/ [索取号:G41/1] | 在馆 |